Statistics for 国铁最速传奇——武广客运专线沿线车站Wuhan-Guangzhou Railway Stations

Click here to take the quiz!

General Stats

  • This quiz has been taken 26 times
  • The average score is 11 of 18

Answer Stats

答案% Correct
武汉站
100%
长沙南站
83%
广州南站
83%
岳阳东站
75%
韶关站
71%
广州北站
71%
衡阳东站
67%
赤壁北站
63%
咸宁北站
63%
株洲西站
63%
郴州西站
63%
清远站
58%
汨罗东站
54%
衡山西站
50%
英德西站
42%
耒阳西站
38%
乐昌东站
33%
乌龙泉东站
21%

Score Distribution

Percentile by Number Answered

Percent of People with Each Score

Your Score History

You have not taken this quiz